Polskie miasta według opisu herbu - Statystyki

Ogólne statystyki
  • Ten quiz został rozwiązany 95 razy
  • Średni wynik to 7 z 15
Statystyki odpowiedzi
Opis Miasto % Poprawnych
Czerwone tło, złoty napis CK, nad nim złota korona. Kielce
86%
Niebieskie tło, złota rama, głowa czerwonego gryfa w złotej koronie i o złotym dziobie. Szczecin
86%
Czerwone tło ze złotą łódką z wiosłem. Łódź
81%
Złote tło, czarna maszyna na drewnianym stelażu nad wodą. Katowice
75%
Czerwone tło, dwie złote ryby nabite na srebrny miecz. Gdynia
72%
Niebieskie tło z białym krzyżem kawalerskim. Rzeszów
53%
Czerwone tło, biały zamek, w bramie biała litera R, brama zwieńczona koroną, tarcza herbowa również. Radom
43%
Zielone tło, biały zamek, na nim złota tarcza z czarnym orłem, a na niej szary hełm. Zielona Góra
38%
Białe tło, czerwony zamek z otwartą niebieską bramą i trzema wieżami zwieńczonymi niebieskim dachem. Bydgoszcz
33%
Zielone tło, biały niedźwiedź pośród trzech całkowicie zielonych dębów, tarcza zwieńczona złotą koroną. Chełm
25%
Dąb, dookoła zielona trawa, w tle szare góry, czerwone niebo. Wałbrzych
23%
BIałe tło, czerwony zamek, na nim trębacz ubrany na niebiesko, a nad nim złota gwiazda. Kalisz
20%
Czerwony jeleń ze złotymi porożami na zielonej, płaskiej powierzchni, białe niebo. Piła
18%
Żółte tło, niebieskie koło zębate na szczycie jednej z trzech czerwonych wież. Zabrze
18%
Niebieskie tło, kobieta w koronie ubrana na biało zabijająca zielonego smoka za pomocą złotego krzyża. Nowy Sącz
14%
Nie znaleziono quizów pasujących do podanych kryteriów
Rozkład punktacji
Procent ludzi z każdym wynikiem
Percentyl według liczby udzielonych odpowiedzi
Twoja historia wyników
Nie rozwiązałeś tego quizu